[Event "Challenge"]
[Site "http://www.queenalice.com/game.php?id=509340"]
[Date "2008.12.18"]
[Round "-"]
[White "FujiTsu"]
[Black "valmir"]
[Result "0-1"]
[WhiteElo "1736"]
[BlackElo "1383"]

1. e4 e5 2. g3 Bc5 3. Nf3 Nf6 4. d3 Ng4 5. d4 Bb4+ 6. c3 Ba5 7. Ng5 h5 8. Qf3 f6
9. Nh3 Qe7 10. b3 exd4 11. Bd2 Ne5 12. Qe2 Bb6 13. Bg2 Qd6 14. Bf4 d3 15. Qd2
Qc5 16. Bxe5 Qxe5 17. O-O O-O 18. Re1 d6 19. Qxd3 Bxh3 20. Bxh3 Na6 21. Na3 Qc5
22. Rf1 Qxa3 23. e5 fxe5 24. Qg6 Rae8 25. Rfe1 Bxf2+ 26. Kf1 Bb6+ 27. Kg2 Qb2+
28. Kh1 Qxc3 29. Be6+ Rxe6 30. Qxe6+ Kh7 31. Rf1 Qc6+ 32. Rf3 Qxf3# 0-1

[Event "Arigato ~"]
[Site "http://www.queenalice.com/game.php?id=509342"]
[Date "2008.12.18"]
[Round "-"]
[White "taijutsu"]
[Black "FujiTsu"]
[Result "0-1"]
[WhiteElo "1130"]
[BlackElo "1633"]

1. e3 e5 2. d4 Nh6 3. dxe5 f6 4. Qd4 c5 5. Qd5 fxe5 6. Qxe5+ Be7 7. Qxg7 Bf6 8.
Qxh6 Qa5+ 9. c3 Bxc3+ 10. bxc3 c4 11. Qg7 Rf8 12. Qxh7 b6 13. Qe4+ Kd8 14. Qxa8
Qf5 15. Qxb8 Qxf2+ 16. Kd1 Qxf1+ 17. Kc2 Rf2+ 18. Nd2 Qd3+ 19. Kb2 Rxd2+ 20.
Bxd2 Qxd2+ 21. Ka3 Qxc3+ 22. Ka4 Qa5# 0-1

[Event "Challenge"]
[Site "http://www.queenalice.com/game.php?id=509345"]
[Date "2008.12.18"]
[Round "-"]
[White "FujiTsu"]
[Black "Magico"]
[Result "1-0"]
[WhiteElo "1699"]
[BlackElo "1670"]

1. e3 d5 2. h3 e6 3. b3 Nh6 4. Bb2 Na6 5. Nf3 Bd7 6. Bxa6 bxa6 7. g3 a5 8. c4
dxc4 9. bxc4 Bc6 10. Nc3 Qf6 11. Rg1 Bxf3 12. Qb3 Qd8 13. Qa4+ c6 14. Ba3 Bxa3
15. Qxa3 Qd3 16. Rb1 Rd8 17. Qb2 O-O 18. g4 Rb8 19. Qa1 Qxd2+ 20. Kxd2 Rfd8+ 21.
Kc2 g5 22. Rxb8 Rxb8 23. Rg3 Bd5 24. cxd5 cxd5 25. a4 a6 26. Qa3 Rd8 27. Qe7 Rc8
28. Qxg5+ Kh8 29. Rf3 Ng8 30. Rxf7 1-0

[Event "AUTO-INT-1139"]
[Site "http://www.queenalice.com/game.php?id=509687"]
[Date "2008.12.18"]
[Round "1"]
[White "FujiTsu"]
[Black "mudinho"]
[Result "1-0"]
[WhiteElo "1690"]
[BlackElo "1589"]

1. e4 e5 2. d3 Nf6 3. Bg5 Nc6 4. Be2 Bb4+ 5. c3 Bc5 6. b4 Be7 7. d4 exd4 8. cxd4
Nxe4 9. Bxe7 Qxe7 10. a3 Qf6 11. Nh3 d6 12. g4 Qxd4 13. Qxd4 Nf6 14. Qe3+ 1-0

[Event "AUTO-INT-1139"]
[Site "http://www.queenalice.com/game.php?id=509688"]
[Date "2008.12.18"]
[Round "1"]
[White "mudinho"]
[Black "FujiTsu"]
[Result "1-0"]
[WhiteElo "1640"]
[BlackElo "1694"]

1. e4 e5 2. Nf3 d5 3. Nxe5 Bd6 4. Nf3 Qf6 5. exd5 g5 6. d3 Bg4 7. Be2 h6 8. h3
Bxf3 9. Bxf3 Ne7 10. Nc3 O-O 11. O-O Na6 12. Re1 Rae8 13. Bd2 b5 14. Nxb5 Bc5
15. Bc3 Qf4 16. Qd2 Qxd2 17. Bxd2 h5 18. Bxh5 Rd8 19. Bxg5 f6 20. Bh6 Nb4 21.
Bxf8 Kxf8 22. Rec1 Nexd5 23. Bf3 Nf4 24. Nxc7 Rd7 25. Nb5 Rg7 26. a3 a6 27. axb4
Bxb4 28. Rxa6 Bd2 29. Rd1 f5 30. Rxd2 Ke7 31. Ra7+ Kf8 32. Rxg7 Kxg7 33. Nd6 Kf6
34. b4 Ke6 35. Nc4 Ng6 36. Rd1 Kd7 37. b5 Kc7 38. b6+ Kb8 39. Ra1 1-0

[Event "AUTO-INT-1139"]
[Site "http://www.queenalice.com/game.php?id=509689"]
[Date "2008.12.18"]
[Round "1"]
[White "FujiTsu"]
[Black "edsonholanda"]
[Result "1-0"]
[WhiteElo "1660"]
[BlackElo "1686"]

1. e4 e5 2. d3 Nc6 3. Nf3 Bc5 4. Bg5 f6 5. Bd2 d5 6. exd5 Qxd5 7. Nc3 Qd6 8. Nh4
Be6 9. g3 a6 10. Bg2 g5 11. Nf3 Bd5 12. O-O Nd4 13. Na4 O-O-O 14. c3 Nxf3+ 15.
Bxf3 Bxf3 16. Qxf3 b5 17. Nxc5 Qxc5 18. c4 bxc4 19. Rac1 Qb6 20. Rxc4 Qb7 21.
Qf5+ Rd7 22. Rfc1 Qb6 23. Be3 Qd6 24. Rxc7+ Qxc7 25. Rxc7+ Kxc7 26. d4 exd4 27.
Qc5+ Kd8 28. Bd2 Ne7 29. Ba5+ Ke8 30. Qb6 Kf7 31. Qb3+ Kg7 32. Qe6 Rb7 33. Bd2
Re8 34. f4 Rxb2 35. Ba5 d3 36. fxg5 Rb1+ 37. Kg2 fxg5 38. Bc3+ Kf8 39. Qf6+ 1-0

[Event "AUTO-INT-1139"]
[Site "http://www.queenalice.com/game.php?id=509690"]
[Date "2008.12.18"]
[Round "1"]
[White "edsonholanda"]
[Black "FujiTsu"]
[Result "1-0"]
[WhiteElo "1670"]
[BlackElo "1668"]

1. e4 e5 2. Nf3 f6 3. Bc4 Ne7 4. O-O b6 5. Nc3 Bb7 6. d3 Ng6 7. g3 Be7 8. Nd5
Bxd5 9. Bxd5 c6 10. Bc4 b5 11. Bb3 h5 12. d4 exd4 13. Qxd4 Na6 14. Bf4 Nb4 15.
c3 c5 16. Qd2 Na6 17. Rad1 c4 18. Bc2 O-O 19. Qxd7 Qa5 20. a3 Rad8 21. Qe6+ Rf7
22. Rxd8+ Qxd8 23. e5 Nf8 24. Qxa6 fxe5 25. Nxe5 Rf6 26. Qxb5 Rb6 27. Qxc4+ Ne6
28. Nc6 Qd7 29. Nxe7+ Qxe7 30. Re1 Rxb2 31. Bf5 Kh8 32. Bxe6 a5 33. Qc8+ Kh7 34.
Bf5+ g6 35. Rxe7# 1-0

[Event "AUTO-INT-1139"]
[Site "http://www.queenalice.com/game.php?id=509691"]
[Date "2008.12.18"]
[Round "1"]
[White "FujiTsu"]
[Black "Deco30"]
[Result "0-1"]
[WhiteElo "1653"]
[BlackElo "1519"]

1. e4 e5 2. b3 Nf6 3. Bb2 Bd6 4. Nf3 Nxe4 5. Bd3 Ng5 6. Bxe5 Nxf3+ 7. Qxf3 Bxe5
8. Bc4 f6 9. c3 c6 10. O-O d5 11. Be2 Bc7 12. Qe3+ Kf7 13. Re1 Re8 14. Qf3 Re7
15. Qh5+ Kg8 16. c4 g6 17. Qh6 Re5 18. Nc3 Bd6 19. f4 Rf5 20. Bf3 Bc5+ 21. Kh1
Bf8 22. Qh4 d4 23. Ne4 Nd7 24. Bg4 Rxf4 25. Be6+ Kh8 0-1

[Event "AUTO-INT-1139"]
[Site "http://www.queenalice.com/game.php?id=509692"]
[Date "2008.12.18"]
[Round "1"]
[White "Deco30"]
[Black "FujiTsu"]
[Result "1-0"]
[WhiteElo "1496"]
[BlackElo "1676"]

1. e4 e5 2. Nf3 d5 3. Nxe5 Bd6 4. Nd3 Qe7 5. f3 Bc5 6. a3 Be6 7. b4 Bd6 8. Bb2
Nh6 9. Bxg7 Rg8 10. Bxh6 Qf6 11. Be3 Qxa1 12. c3 dxe4 13. fxe4 Qa2 14. e5 Bb3
15. Qc1 Be7 16. Nf4 a6 17. d4 Bh4+ 18. g3 Bg5 19. h4 Bxf4 20. Bxf4 Nc6 21. Rg1
Ne7 22. Rg2 Qa1 23. Rb2 Ba2 24. Qc2 Bxb1 25. Rxb1 Qxa3 26. Bc1 Qxc1+ 27. Qxc1
O-O-O 28. Bc4 1-0

[Event "Challenge"]
[Site "http://www.queenalice.com/game.php?id=509733"]
[Date "2008.12.18"]
[Round "-"]
[White "FujiTsu"]
[Black "anetta007"]
[Result "0-1"]
[WhiteElo "1727"]
[BlackElo "1681"]

1. e4 c5 2. d3 d6 3. Qf3 Nf6 4. Bg5 Bg4 5. Qe3 Be6 6. Bxf6 exf6 7. Qf3 Nc6 8. d4
cxd4 9. Bd3 Qd7 10. Ne2 Ne5 11. Qg3 Nc6 12. c3 dxc3 13. bxc3 O-O-O 14. Na3 a6
15. Qe3 f5 16. Rb1 fxe4 17. Bxe4 d5 18. Qb6 dxe4 19. O-O Bxa3 20. Nd4 Nxd4 21.
Rfd1 Ne2+ 22. Kf1 Qc7 23. Qe3 Rxd1+ 24. Rxd1 Bc4 25. Qh3+ Kb8 26. Rd7 Nf4+ 27.
Kg1 Nxh3+ 28. gxh3 Qxd7 29. h4 Qg4+ 30. Kh1 e3 31. h3 Bd5+ 32. Kh2 Qg2# 0-1

[Event "Challenge"]
[Site "http://www.queenalice.com/game.php?id=509735"]
[Date "2008.12.18"]
[Round "-"]
[White "anetta007"]
[Black "FujiTsu"]
[Result "0-1"]
[WhiteElo "1681"]
[BlackElo "1708"]

1. e4 e5 2. Nf3 a6 3. Nxe5 Bd6 4. Nf3 g5 5. Bc4 Nh6 6. d3 f6 7. Be3 b5 8. Bd5 c6
9. Bb3 c5 10. a3 Bb7 11. Nbd2 Nc6 12. Qe2 Qc7 13. h3 O-O-O 14. c4 bxc4 15. Nxc4
f5 16. O-O g4 17. hxg4 Nxg4 18. exf5 Bh2+ 19. Kh1 Nd4 20. Bxd4 cxd4 21. Nxd4
Rde8 22. Qxg4 Rhg8 23. Nd6+ Qxd6 24. Bxg8 h5 25. Qxh5 Bxg2+ 26. Kxg2 Rxg8+ 27.
Kf3 Qf4+ 28. Ke2 Qxd4 29. Rac1+ Kd8 30. Qxh2 Re8+ 31. Kd1 Qxd3# 0-1

[Event "Challenge"]
[Site "http://www.queenalice.com/game.php?id=509742"]
[Date "2008.12.18"]
[Round "-"]
[White "dorszu"]
[Black "FujiTsu"]
[Result "1-0"]
[WhiteElo "1564"]
[BlackElo "1716"]

1. d4 c6 2. Nf3 e6 3. e3 Bb4+ 4. Bd2 Bxd2+ 5. Nbxd2 b5 6. Ne4 Nh6 7. Ne5 O-O 8.
Bd3 f5 9. Nd6 Qc7 10. Nxc8 Rxc8 11. O-O d6 12. Nf3 Nd7 13. a4 bxa4 14. Rxa4 Rf8
15. c4 d5 16. cxd5 cxd5 17. Qc2 Qd6 18. h3 Rac8 19. Qb3 Nb6 20. Rxa7 Rb8 21. Qc3
f4 22. Qc7 Qxc7 23. Rxc7 fxe3 24. fxe3 Na4 25. Ne5 Rxf1+ 26. Bxf1 Nxb2 27. Re7
Nd1 28. Rxe6 Nf5 29. Be2 Ndxe3 30. Bh5 Rb1+ 31. Kh2 Nf1+ 32. Kg1 N1g3+ 33. Kf2
g5 34. Bg4 Rb2+ 35. Ke1 Ne3 36. Bf3 h6 37. Re8+ Kg7 38. Ng4 Nc2+ 39. Kf2 Nh1+
40. Ke2 Nxd4+ 41. Kd3 Nb3 42. Kc3 Rb1 43. Bxd5 Na1 44. Re7+ 1-0

[Event "Sugoii"]
[Site "http://www.queenalice.com/game.php?id=510112"]
[Date "2008.12.19"]
[Round "-"]
[White "taijutsu"]
[Black "FujiTsu"]
[Result "0-1"]
[WhiteElo "1137"]
[BlackElo "1699"]

1. d4 e6 2. e4 b6 3. Bf4 Bb7 4. f3 a5 5. Nd2 Qf6 6. Ne2 Bb4 7. c3 Be7 8. g4 Qg6
9. h4 f5 10. g5 fxe4 11. fxe4 Bxe4 12. h5 Qf5 13. Ng3 Qxf4 14. Rh3 Bxg5 15.
Ndxe4 Bh4 16. Rc1 Bxg3+ 17. Nxg3 Qe3+ 18. Be2 Nf6 19. Rc2 O-O 20. Rd2 Ne4 21.
Rd3 Qg1+ 22. Bf1 Qf2# 0-1

[Event "Challenge"]
[Site "http://www.queenalice.com/game.php?id=510193"]
[Date "2008.12.19"]
[Round "-"]
[White "FujiTsu"]
[Black "Nica_Pinica"]
[Result "0-1"]
[WhiteElo "1708"]
[BlackElo "1239"]

1. e4 e5 2. d3 d5 3. Qf3 d4 4. b3 Bb4+ 5. Bd2 Qd6 6. Nh3 Ne7 7. Ng5 Qb6 8. Qxf7+
Kd8 9. g3 Nec6 10. Bh3 Qa5 11. Ne6+ Bxe6 12. Bxe6 Qc5 13. Qd7+ Nxd7 0-1

[Event "Challenge"]
[Site "http://www.queenalice.com/game.php?id=510194"]
[Date "2008.12.19"]
[Round "-"]
[White "Maraz"]
[Black "FujiTsu"]
[Result "0-1"]
[WhiteElo "1278"]
[BlackElo "1690"]

1. d3 e6 2. Nf3 b6 3. g4 Bb7 4. e4 Nc6 5. Bf4 Qf6 6. Bg5 Qxb2 7. Nbd2 Nb4 8. Rb1
Qa3 9. Nc4 Qa4 10. Qd2 Nxc2+ 11. Ke2 Bxe4 12. dxe4 Qxc4+ 13. Kd1 Qxa2 14. Ne5
Qxb1+ 15. Ke2 Qb5+ 16. Kd1 Qxe5 17. Kxc2 Qxe4+ 18. Kc3 Bb4+ 19. Kb3 Bxd2 20. Bg2
Qb4+ 21. Kc2 Qc3+ 22. Kd1 Bxg5 23. Bxa8 Qd2# 0-1

[Event "Challenge"]
[Site "http://www.queenalice.com/game.php?id=511855"]
[Date "2008.12.23"]
[Round "-"]
[White "FujiTsu"]
[Black "mandacaru"]
[Result "0-1"]
[WhiteElo "1632"]
[BlackElo "1603"]

1. e3 e5 2. Qf3 Nf6 3. Bc4 e4 4. Qe2 d5 5. Bb5+ c6 6. Ba4 b5 7. Bb3 a5 8. c4
dxc4 9. Bd1 Bg4 10. f3 exf3 11. gxf3 Bh5 12. Nc3 Bb4 13. Nh3 Bxc3 14. bxc3 Qd5
15. Nf4 Qg5 16. d3 Qh4+ 17. Kd2 O-O 18. Ba3 Rd8 19. Be7 Rd7 20. Bxf6 Qxf6 21.
Nxh5 Rxd3+ 22. Ke1 Qxc3+ 23. Kf1 Qxa1 24. Qg2 Qxd1+ 25. Kf2 Rd2+ 26. Kg3 Rxg2+
27. Kxg2 Qe2+ 28. Kh3 Qxf3+ 29. Kh4 f5 30. Rg1 Qe4+ 31. Kh3 Qxe3+ 32. Rg3 Qh6
0-1

[Event "Challenge"]
[Site "http://www.queenalice.com/game.php?id=512239"]
[Date "2008.12.24"]
[Round "-"]
[White "montelo"]
[Black "FujiTsu"]
[Result "1-0"]
[WhiteElo "1709"]
[BlackElo "1731"]

1. e4 e6 2. Nc3 Bb4 3. Qg4 Nf6 4. Qxg7 Rf8 5. d3 Qe7 6. Bg5 Qc5 7. Qxf6 Bxc3+ 8.
bxc3 Nc6 9. Nf3 d5 10. Ne5 Qxc3+ 11. Ke2 Qxa1 12. Nxc6 Qxf6 13. Bxf6 bxc6 14.
exd5 cxd5 15. g3 Rb8 16. Bg7 Rg8 17. Be5 Rb2 18. Bxb2 Bb7 19. Bg2 h5 20. Rb1 h4
21. Be5 Ba6 22. Rb8+ Ke7 23. Rxg8 hxg3 24. fxg3 Kd7 25. h4 c5 26. h5 Ke7 27. h6
f6 28. h7 fxe5 29. h8=Q Kd6 30. Rd8+ Kc7 31. Ra8 Bb7 32. Qb8+ Kb6 33. Qxa7+ Kc7
34. Rb8 e4 35. Qxb7+ Kd6 36. Qb6+ Ke5 37. Qxc5 exd3+ 38. cxd3 Kf5 39. Qc8 d4 40.
Qc5+ e5 41. Qe7 Kg4 42. Rf8 Kxg3 43. Qg7+ Kh2 44. Ba8 e4 45. Rh8# 1-0

[Event "Challenge"]
[Site "http://www.queenalice.com/game.php?id=512240"]
[Date "2008.12.24"]
[Round "-"]
[White "FujiTsu"]
[Black "montelo"]
[Result "1-0"]
[WhiteElo "1709"]
[BlackElo "1694"]

1. e3 e5 2. d4 c6 3. dxe5 Qa5+ 4. Bd2 Qxe5 5. Bc3 Bb4 6. Nd2 Bxc3 7. f4 Bxd2+ 8.
Qxd2 Qxb2 9. Qd1 Qa3 10. Bc4 Qxe3+ 11. Ne2 Qe4 12. Qd3 Qxg2 13. Rg1 Qxh2 14. Qf5
Nh6 15. Qe5+ Kd8 16. Qxg7 Qh4+ 17. Kd1 Rg8 18. Qd4 Rxg1+ 19. Qxg1 Ke7 20. Kd2 d5
21. Bd3 Bf5 22. Re1 Nd7 23. Ng3+ Kf6 24. Qd4+ Kg6 25. Rg1 Bxd3 26. Qxd3+ f5 27.
Nxf5+ Qg4 28. Rxg4+ Nxg4 29. Ne7+ Kf7 30. Qf5+ Kxe7 31. Qxg4 Nf6 32. Qe2+ Kd7
33. f5 h5 34. Qe6+ Kc7 35. Qxf6 Kb6 36. Qb2+ Kc7 37. Qg7+ Kb6 38. f6 1-0

[Event "mais uma"]
[Site "http://www.queenalice.com/game.php?id=514450"]
[Date "2008.12.29"]
[Round "-"]
[White "calantone"]
[Black "FujiTsu"]
[Result "0-1"]
[WhiteElo "1035"]
[BlackElo "1706"]

1. d4 e6 2. e3 Qf6 3. Nf3 d5 4. Ne5 Nc6 5. Qh5 Nxe5 6. dxe5 Qd8 7. Bb5+ c6 8.
Bd3 g6 9. Qf3 Bg7 10. O-O Bxe5 11. e4 dxe4 12. Qxe4 f6 13. Bf4 Bxf4 14. Qxf4 e5
15. Qe4 Bf5 16. Qb4 Nh6 17. Qxb7 O-O 18. Qxc6 Bxd3 19. cxd3 Qd4 20. Rd1 Qxb2 21.
Nd2 Rac8 22. Qe6+ Kg7 23. Nc4 Qe2 24. Nd6 Rcd8 25. d4 Ng4 26. Re1 Qxf2+ 27. Kh1
Qf4 28. d5 Qxh2# 0-1

[Event "Challenge"]
[Site "http://www.queenalice.com/game.php?id=514630"]
[Date "2008.12.30"]
[Round "-"]
[White "Maraz"]
[Black "FujiTsu"]
[Result "1-0"]
[WhiteElo "1275"]
[BlackElo "1706"]

1. Nc3 e5 2. Ne4 b6 3. Nf3 Bb7 4. d3 Bxe4 5. dxe4 Bd6 6. e3 Nf6 7. Bd3 Ng4 8.
Ng5 Qxg5 9. h3 Nf6 10. Bb5 Nxe4 11. h4 Qxg2 12. Rf1 Bb4+ 13. c3 Nxc3 14. bxc3
Bxc3+ 15. Bd2 Bxa1 16. Qxa1 c6 17. Qxe5+ Kd8 18. Bb4 Re8 19. Qf5 cxb5 20. Ke2
Nc6 21. Rd1 Re6 22. Qxf7 Nxb4 23. Qxd7# 1-0

[Event "Challenge"]
[Site "http://www.queenalice.com/game.php?id=517632"]
[Date "2009.1.5"]
[Round "-"]
[White "montelo"]
[Black "FujiTsu"]
[Result "1-0"]
[WhiteElo "1750"]
[BlackElo "1706"]

1. e4 e6 2. Nf3 b6 3. c3 Bb7 4. d3 Bd6 5. Nd4 h6 6. Qg4 g5 7. Qh5 Nf6 8. Qh3 e5
9. Nf5 g4 10. Nxd6+ cxd6 11. Qh4 Na6 12. Bxh6 Nc5 13. Qg5 Rg8 14. Qe3 Na4 15.
Qd2 Qc7 16. h4 O-O-O 17. Bg5 Rg6 18. h5 Rgg8 19. Bxf6 Rde8 20. h6 Re6 21. h7
Rge8 22. h8=Q Rxh8 23. Rxh8+ Re8 24. Rxe8+ Qd8 25. Bxd8 Nc5 26. Bxb6# 1-0

[Event "Challenge"]
[Site "http://www.queenalice.com/game.php?id=517633"]
[Date "2009.1.5"]
[Round "-"]
[White "FujiTsu"]
[Black "montelo"]
[Result "1-0"]
[WhiteElo "1691"]
[BlackElo "1766"]

1. e3 e5 2. Bd3 c6 3. Nf3 d6 4. h3 Nf6 5. Nh2 g6 6. b4 Bg7 7. Na3 Bf8 8. Bb2 d5
9. c4 Bxb4 10. Nc2 Qa5 11. O-O Bxd2 12. Bxe5 Bc3 13. Bxc3 Qxc3 14. Rb1 Ne4 15.
Rb3 Qa5 16. Bxe4 dxe4 17. Qd4 O-O 18. Rd1 Qg5 19. Ng4 Bxg4 20. hxg4 Qxg4 21. Nb4
Nd7 22. Qa1 Nc5 23. Rb2 f5 24. Rbd2 a5 25. Nc2 Nd3 26. c5 Nxc5 27. Nd4 Nd7 28.
Ne6 Rf7 29. Rxd7 f4 30. Rd8+ Rxd8 31. Rxd8+ Rf8 32. Qg7# 1-0